000 01089cam a2200253 4500
001 gs 67000187
003 DLC
005 20260227111420.0
008 700608s1966 nvuab b 100 0 eng c
010 _ags 67000187
040 _aU.S. Geol. Survey. Library
_cDLC
_dDLC
050 0 0 _aTN24.N3
_bA26 no. 13
082 0 0 _a557.93/08 s
111 2 _aAIME Pacific Southwest Mineral Industry Conference
_d(1965 :
_cSparks, Nev.)
245 0 0 _aPapers presented ... May 5-7, 1965.
260 _aReno,
_bMackay School of Mines, University of Nevada,
_c1966.
300 _a3 v.
_billus., maps (part fold. in pocket)
_c28 cm.
410 1 0 _aNevada.
_bBureau of Mines.
_tReport
_v13
500 _aErrata slip inserted.
504 _aIncludes bibliographies.
505 0 _apt. A. General session and Session on Exploration and mine development in Nevada.--pt. B. Industrial minerals session and Mining-metallurgy-analysis session.--pt. C. Session on North American exploration and mine development.
650 0 _aMineral industries
_zNevada
_xCongresses.
650 0 _aMineral industries
_xCongresses.
999 _c30325
_d30325